Survivor Name Ladder 4 - Statistics

General Stats
  • This quiz has been taken 74 times
  • The average score is 14 of 20
Answer Stats
Picture Answer % Correct
Tom
95%
Andrea
91%
Trish
91%
Alicia
81%
Hannah
76%
Mick
76%
Evvie
74%
Carl
72%
Karla
71%
Scout
71%
Alec
67%
Lauren
67%
Nick
66%
Albert
64%
Keith
64%
Helen
57%
Hope
53%
Nina
52%
Artis
48%
Erica
40%
No matching quizzes found
Score Distribution
Percent of People with Each Score
Percentile by Number Answered
Your Score History
You have not taken this quiz